| 000 | 00691nam a2200193 a 4500 | ||
|---|---|---|---|
| 001 | 000030577 | ||
| 005 | 20240412074254.0 | ||
| 008 | 110524s1960 dr r 000 p spa d | ||
| 040 |
_aDO-SdBNP _bspa _cBNPHU |
||
| 082 |
_aRD863.3 _bU75p |
||
| 100 | 1 |
_aUreña de Henríquez, Salomé , _d1850-1897 _9920 |
|
| 245 | 1 | 0 |
_aPoesías escogidas / _cSalomé Ureña de Henríquez. |
| 260 |
_aCiudad Trujillo, República Dominicana : _bLibrería Dominicana, _c1960. |
||
| 300 |
_a188 p. ; _c18 cm. |
||
| 500 | _aIncluye notas al pie de las páginas. | ||
| 500 | _aIncluye biografía de la autora por Pedro Henríquez Ureña. | ||
| 650 | 0 |
_aPoesía dominicana _966 |
|
| 650 | 0 |
_aLiteratura dominicana. _967 |
|
| 999 |
_c30069 _d30069 |
||